01434nam a2200289Ia 450000500170000000800410001702000190005810000280007724501190010525000390022430000430026349000540030650000420036052003340040252100540073665000350079065000410082565000500086670000240091670000210094026400490096133600270101033700330103733800280107004000350109808400110113320220317000948.0160825s2007 mx a g 000 0 spa  a978968164030121 aGarcía, Edson Gabriel13aEl diario de BilocacEdson Gabriel García ; Ilustraciones de Claudia de Teresa ; Traducción de Fátima Andreu a1a. edición b8a. reimpresión  a106 páginas bilustraciones c19 cm  aA la orilla del vientoppara los grandes lectores aIncluye datos biográficos del autor a Biloca tiene casi trece años y escribe en su diario todo lo que le sucede en la escuela y en su casa. pero al mismo tiempo le escribe a Juliana, su amiga imaginaria, sobre sus sentimientos hacia Rodrigo, su compañero de salón. Que esta cambiando en ella? y que pensaría si volviera a leer su diario, ocho años despues? aRecomendado para niños de 13 años en adelante142LEMBaNovela juveil venezolana142LEMBaLiteratura infantil venezolana142LEMBaIndigenas de venezuela en la literatura1 aTeresa, Claudia de 1 aAndreu, Fátima aMéxicobFondo de Cultura Económicac2007 atextobtxt2rdacontent asin mediaciónbn2rdamedia avolumenbnc2rdacarrier aCO-BoRNBPbspaerdacCO-BoRNBP aN GAR9